000
00330nam a2200145Ia 4500
008
230917s9999||||xx |||||||||||||| ||und||
040
_e
78894
_a
MAIN
041
_a
English
082
_a
340 S82R
100
_a
Sathe, S P
245
4
_a
The right to know
260
_a
Bombay
_b
N M Tripathi
_c
1991
300
_a
58 p.
942
_c
BK
999
_c
70486
_d
70486